000 00428nam a22001697a 4500
005 20260425124311.0
008 260425b |||||||| |||| 00| 0 eng d
020 _a978-93-92323-12-6
041 _aeng
082 _a294.5
100 _aAcharya Sadhwi Devpriya
_99016
245 _aSwadhyayamrit
260 _aHARIDWAR
_bDIVYA PRAKASHAN
300 _a200;P
650 _aHinduism / Indian religious thought
_99017
942 _cBK
999 _c9121
_d9119